000 00688cam a22002413a 4500
001 18662
003 PGUSA
005 20140828083410.0
008 060623s2006||||xxu|||||s|||||000 1 eng d
040 _aPGUSA
_beng
042 _adc
050 4 _aPZ
100 1 _aBailey, Arthur Scott,
_d1877-1949
245 1 4 _aThe Tale of Buster Bumblebee
_h[electronic resource] /
_cArthur Scott Bailey
260 _bProject Gutenberg,
_c2006
506 _aPublic domain in the USA.
516 _aElectronic text
653 _aBumblebees -- Juvenile fiction
700 1 _aSmith, Harry L.
830 0 _aProject Gutenberg
_v18662
856 4 0 _uhttp://www.gutenberg.org/ebooks/18662
942 _cEB
999 _c247917
_d247917